000
00211nam a22000857a 4500
008
230710b |||||||| |||| 00| 0 eng d
020
_a
9781421539898
100
_a
Kishimoto Masashi
_9
7689
245
_a
Naruto-Vol-1-2-3
999
_c
12343
_d
12343